| 000 | 02042cam a22004454i 4500 | ||
|---|---|---|---|
| 003 | PE-LiUPU | ||
| 005 | 20250731165402.0 | ||
| 008 | 150929s2008 pe grm 000 0 spa d | ||
| 035 | _a(Sirsi) a154682 | ||
| 040 |
_aPE-LiUPU _bspa _cPE-LiUPU _erda |
||
| 099 |
_aTE 3 _bQ 63 2008 |
||
| 100 | 1 | _aQuinteros Zúniga, Dámaris | |
| 245 | 1 |
_aFuncionamiento Familiar y rendimiento académico en alumnos del primer y segundo año de la Facultad de Ciencias Humanas y Educación de la Universidad Peruana Unión / _Dámaris Quinteros Zúñiga. |
|
| 264 | 0 | _c2008. | |
| 300 |
_a116 hojas _c31 cm |
||
| 336 |
_atext _2rdacontent |
||
| 337 |
_aunmediated _2rdamedia |
||
| 338 |
_avolume _2rdacarrier |
||
| 502 |
_aTesis _b(Mg.) -- _cUniversidad Peruana Unión, _d2008. |
||
| 504 | _aIncluye referencias | ||
| 520 | 3 | _aLa presente investigación tiene como objetivo estudiar la relación entre las variables funcionamiento familiar y rendimiento académico de los alumnos del primer y segundo año de la Facultad de Ciencias Humanas y Educación de la Universidad Peruana Unión. El modelo de funcionamiento familiar sobre el cual se trabajo es el McMaster (MMFF) propuesto y descrito por Epstein et al. (1982). En él se sostiene que el funcionamiento familiar está constituido por 7 dimensiones: solución de problemas, funcionamiento de roles, comunicación, respuesta afectiva, compromiso afectivo, control conductual y funcionamiento general. | |
| 526 | _aSEG44 | ||
| 526 | _aSEG26 | ||
| 526 | _aP151 | ||
| 526 | _aP150 | ||
| 526 | _aP149 | ||
| 526 | _aP146 | ||
| 526 | _aP145 | ||
| 526 | _aP126 | ||
| 526 | _aP125 | ||
| 526 | _aP92 | ||
| 526 | _aP75 | ||
| 526 | _aP74 | ||
| 526 | _aP27 | ||
| 526 | _aP15 | ||
| 650 | 0 | 4 |
_aEstudiantes universitarios _xRelaciones familiares _xRendimiento académico _vTesis. |
| 596 | _a1 | ||
| 942 |
_2ddc _cTESIS |
||
| 999 |
_aTE 3 Q 63 2008 _wALPHANUM _c7387 _iT01073 _d7387 _lCCODEBUL3 _mBUL _q2 _r1 _sY _tTESIS _u2015-9-29 _xPOSGRADO _PP57 _o.STAFF. Tesis |
||
| 980 |
_81 _gALBERTO SANCHEZ Responsable de Automatización |
||